000 01720cam a2200241 4500
001 ##L131376
008 051026n2005 000 0 eng u
020 _a072190128X
035 _a(Sirsi) u131376
041 0 _aeng
050 0 4 _a346.410438 $2 18
100 1 _aBoothroyd, Jan E.
245 0 0 _aGarner's local land charges
250 _a13th ed.
260 _aCrayford
_bShaw and Sons
_c2005
300 _axxxvii, 297p
_c22cm
350 _a29.95
505 0 2 _aThe act, the rules and the register - computerisation - what is a local land charge? - breakdown of the local land charges register - searches and certificates - performance indicators code of practice - introduction to parts 1-12 of the local land charges register - general financial charges (part 1) - specific financial charges (part 2) - planning charges (part 3) - miscellaneous charges (part 4) - fenland ways maintenance charges (part 5) - land compensation charges (part 6) - new towns charges (part 7) - civil aviation charges (part 8) - opencast coal charges (part 9) - listed building charges (part 10) - light obstruction notices (part 11) - drainage scheme charges (part 12) - registration errors and compensation - other statutory registers of local authorities - supplementary enquiries - registered land - additional items of interest.
520 _aNew edition taking account of developments in the law to 1 June 2005. Explains what a local land charge is, and how it is created, how to find out if something is registrable, where the items come from, and what happens if a mistake is made.
520 _aSupercedes 12th ed (ISBN 0721901271)
690 _aPROPERTY-PROPERTY ACQUISITION AND DISPOSAL-CONVEYANCING
942 _n0
999 _c104735
_d104735